Name These Cities By Picture - Statistics

General Stats
  • This quiz has been taken 24 times
  • The average score is 9 of 16
Answer Stats
Picture Answer % Correct
Dubai
90%
London
90%
New York
81%
Venice
81%
Paris
76%
Amsterdam
67%
Monaco
62%
Tokyo
62%
Istanbul
57%
Singapore
57%
Chicago
33%
Shanghai
33%
St Petersburg
33%
Lagos
29%
Buenos Aires
24%
Detroit
19%
No matching quizzes found
Score Distribution
Percent of People with Each Score
Percentile by Number Answered
Your Score History
You have not taken this quiz